Zonificación de la Acuicultura Nacional (Registro nro. 8248)

Detalles MARC
000 -CABECERA
Campo de control 00970nam a22002177a 4500
005 - FECHA Y HORA DE LA ULTIMA TRANSACCION
Campo de control 20140313020002.0
008 - ELEMENTOS DE LONGITUD FIJA—INFORMACION GENERAL
Campo de control 140310b2013 ck ||||| ||||a00| 0 spa d
020 ## - ISBN
ISBN 9789585797413
041 ## - IDIOMA
Código de idioma para texto/pista de sonido o título separado Español
044 ## - PAÍS DE PUBLICACIÓN
País de publicación Colombia
082 ## - NUMERO DE CLASIFICACION DECIMAL DEWEY
Número de clasificación 639.3
Número del ítem A926z
110 1# - ASIENTO PRINCIPAL--NOMBRE CORPORATIVO
Nombre corporativo o de jurisdicción como elemento de entrada Autoridad Nacional de Acuicultura y Pesca - AUNAP
245 10 - MENCION DE TITULO
Título Zonificación de la Acuicultura Nacional
Mención de responsabilidad Autoridad Nacional de Acuicultura y Pesca - AUNAP
260 ## - PUBLICACION, DISTRIBUCION, ETC. (PIE DE IMPRENTA)
Lugar de publicación, distribución, etc. Bogotá
Nombre del editor, distribuidor, etc. Ministerio de Agricultura y Desarrollo Rural
-- Autoridad Nacional de Acuicultura y Pesca - AUNAP
-- FAO
Fecha de publicación, distribución, etc. 2013
300 ## - DESCRIPCION FISICA
Extensión 78 p.
Otros detalles físicos mapas, tablas, gráficas
Dimensiones 28 cm.
500 ## - NOTA GENERAL
Nota general Incluye CD CID-059940 con anexos:<br/>Incluyen mapas<br/>Zonas Cálidas<br/>Zonas Frías<br/>Restricciones cálidas<br/>Restricciones frías<br/>Areas potencialmente aptas marino
650 #6 - ASIENTO SECUNDARIO DE MATERIA - TERMINO TEMATICO
Término temático o nombre geográfico como elemento de entrada Piscicultura
Subdivisión geográfica Colombia
650 #6 - ASIENTO SECUNDARIO DE MATERIA - TERMINO TEMATICO
Término temático o nombre geográfico como elemento de entrada Acuicultura
Subdivisión general zonificación
Subdivisión geográfica Colombia
650 #6 - ASIENTO SECUNDARIO DE MATERIA - TERMINO TEMATICO
Término temático o nombre geográfico como elemento de entrada Acuicultura
Subdivisión general cartografía
Subdivisión geográfica Colombia
942 ## - ELEMENTOS ADICIONALES (KOHA)
Sistema de clasificación Dewey Decimal Classification
Tipo de ítem Impreso
Koha issues (borrowed), all copies 1
Existencias
Withdrawn status Lost status Sistema de Clasificación Damaged status No para préstamo Colección Inventariado Ubicación Permanente Ubicación actual Fecha de adquisición Fuente de Valor Valor Total Checkouts Número topográfico Inventario / Código de Barras Date last seen Ejemplar Price effective from Forma de adquisición Tipo de material
    Dewey Decimal Classification     General Inventariado 2017 Bogotá Bogotá 05/11/2014 Instituto 39000.00   LB-639.3 A926z 059939 05/11/2014 Ej. 1 05/11/2014   Libro
    Dewey Decimal Classification     Audiovisual   Bogotá Bogotá 05/11/2014       LB-639.3 A926z 059940 05/11/2014 Ej. 2 05/11/2014   CD-ROM
    Dewey Decimal Classification     General Inventariado 2017 Bogotá Bogotá 19/06/2015 Instituto 39000.00   LB-639.3 A926z 039078 01/07/2015 Ej. 3 19/06/2015   Libro
    Dewey Decimal Classification     Audiovisual   Bogotá Bogotá 19/06/2015       LB-639.3 A926z 039079 19/06/2015 Ej. 4 19/06/2015   CD-ROM